BIBLIOTECA PODER JUDICIAL
Portal Judicial TDF

La organización política argentina en el período hispánico / (Registro nro. 340)

000 -LEADER
fixed length control field 01020nam a22002177a 4500
003 - CONTROL NUMBER IDENTIFIER
control field OSt
005 - DATE AND TIME OF LATEST TRANSACTION
control field 20220606094437.0
008 - FIXED-LENGTH DATA ELEMENTS--GENERAL INFORMATION
fixed length control field 180320b xxu||||| |||| 00| 0 spa d
040 ## - CATALOGING SOURCE
Transcribing agency PJ
100 ## - MAIN ENTRY--PERSONAL NAME
Personal name Zorraquín Becú, Ricardo
9 (RLIN) 88
245 ## - TITLE STATEMENT
Title La organización política argentina en el período hispánico /
Statement of responsibility, etc Ricardo Zorraquín Becú.
250 ## - EDITION STATEMENT
Edition statement 4a. ed.
260 ## - PUBLICATION, DISTRIBUTION, ETC. (IMPRINT)
Place of publication, distribution, etc Buenos Aires :
Name of publisher, distributor, etc Perrot,
-- Instituto de Historia del Derecho Ricardo Levene,
Date of publication, distribution, etc 1981
300 ## - PHYSICAL DESCRIPTION
Extent 408 p.
Dimensions 23 cm.
490 ## - SERIES STATEMENT
Series statement Colección de Estudios para la Historia del Derecho Argentino
Volume number/sequential designation 6
500 ## - GENERAL NOTE
General note Notas y bibliografía al pie de página.
505 ## - FORMATTED CONTENTS NOTE
Formatted contents note Contenido:<br/>I. El sistema político indiano -- II. Época de la organización ( 1534-1593) -- Época de los gobernadores (1593- 1776) -- III. Época del virreinato (1776 - 1810) -- Los cabildos -- Apéndice: Cronología de los gobernadores Argentinos en el período hispánico.
650 #0 - SUBJECT ADDED ENTRY--TOPICAL TERM
9 (RLIN) 348
Topical term or geographic name as entry element CIENCIAS POLITICAS
650 #0 - SUBJECT ADDED ENTRY--TOPICAL TERM
Topical term or geographic name as entry element HISTORIA CONSTITUCIONAL
9 (RLIN) 425
942 ## - ADDED ENTRY ELEMENTS (KOHA)
Source of classification or shelving scheme
Koha item type Libros
Existencias
Withdrawn status Lost status Source of classification or shelving scheme Damaged status Not for loan Permanent Location Current Location Date acquired Full call number Barcode Date last seen Price effective from Koha item type
          Biblioteca Poder Judicial Sur Biblioteca Poder Judicial Sur 2018-04-28 321(82) 1911 2018-04-28 2018-04-28 Libros

12 de Octubre 789 Ushuaia - Tel:  54(02901)441571
Horario de Atención: 8.00 a 17.00 hs. 
bibliotecaush@justierradelfuego.gov.ar
koha@justierradelfuego.gov.ar
Seguinos en nuestras redes @bibliojustdf 

Con tecnología Koha